000 00948nam a2200301 i 4500
001 94108
003 ES-MaACL
005 20250815170402.0
007 t|
008 050621s2004 sp ||||1| spa d
020 _a84-7658-694-9
080 _a296
080 _a296.1
080 _a296.4
100 1 _aCohen, Hermann.
_939498
245 1 3 _aLa religión de la razón desde las fuentes del judaísmo /
_cHermann Cohen ; presentación de Reyes Mate.
250 _a1ª ed.
260 _aBarcelona :
_bAnthropos,
_c2004.
300 _aXXXVI, 389 p. ;
_c24 cm.
490 1 _aPensamiento crítico/pensamiento utópico ;
_v142
650 7 _aJudaísmo
_2embne
_913966
650 7 _aFilosofía judía
_2embne
_912856
650 1 4 _aMoral judía.
_915193
700 1 _aMate, Reyes.
_978931
830 0 _aPensamiento crítico/pensamiento utópico ;
_v142
_9177290
852 _aES-MaACL
_jL-29188
_bR.135849
999 _c94108
_d94108